| 000 | 01020nas a2200325 4500 | ||
|---|---|---|---|
| 001 | BR2013002452 | ||
| 003 | BR-BrBNA | ||
| 005 | 20231205122133.0 | ||
| 007 | ta | ||
| 008 | 230509b bl.|||p| |||| 00| 00por d | ||
| 040 |
_aBR-BrBNA _bpor _cBiblioteca Nacional de Agricultura |
||
| 041 | _a(En) | ||
| 072 | _aQ03 | ||
| 100 | 1 | _aMariano-da-Silva, S. | |
| 100 | 1 | _aOliveira, S.L. de | |
| 100 | 1 | _aLeite, C.A.O. | |
| 100 | 1 | _aPrado, R.S. do | |
| 100 | 1 | _aFaria, F.P. de | |
| 100 | 1 | _aOliveira, R.C.N. | |
| 100 | 1 | _aMariano-da-Silva, F.M. de S. | |
| 245 | 1 | _aEffect of pH, dextrose and yeast extract on cadmium toxicity on Saccharomyces cerevisiae PE-2 | |
| 650 | _aFERMENTO | ||
| 650 | _aCÁDMIO | ||
| 650 | _aCONTAMINAÇÃO | ||
| 650 | _aTOXIDEZ | ||
| 773 | 0 |
_tCiência e Tecnologia de Alimentos (Brazil) _xISSN 1678-457X _g(Apr-Jun 2009), V. 29(2) p. 295-299 _wBR2013002452 |
|
| 856 | 4 | 0 | _uhttp://www.scielo.br/pdf/cta/v29n2/09.pdf |
| 909 |
_a202311 _bLúcia _c55 _dLúcia Elande |
||
| 942 |
_2AGRIS _n0 _cANA |
||
| 999 |
_c227095 _d227095 |
||